[Event "NOR-chT Clubs"]
[Site "Drammen"]
[Date "2022.05.26"]
[Round "2"]
[White "Braaten, Birk"]
[Black "Leistad, Jorn Ole Pettersen"]
[Result "1/2-1/2"]
[WhiteElo "1343"]
[BlackElo "1540"]
[PlyCount "72"]
[EventDate "2022.05.26"]
[EventType "team-swiss"]
[EventRounds "6"]
[EventCountry "NOR"]
[SourceTitle "EXT 2024"]
[Source "ChessBase"]
[SourceDate "2023.10.10"]
[SourceVersion "1"]
[SourceVersionDate "2023.10.10"]
[SourceQuality "1"]
[WhiteTeam "Dragen II"]
[BlackTeam "Zugzwang"]
[WhiteTeamCountry "NOR"]
[BlackTeamCountry "NOR"]

1. e4 e5 2. d4 exd4 3. c3 dxc3 4. Bc4 cxb2 5. Bxb2 Bb4+ 6. Nd2 Qg5 7. Ngf3 Bxd2+ 8. Qxd2 Qxd2+ 9. Kxd2 f6 10. e5 d5 11. Bxd5 c6 12. Bb3 Bg4 13. exf6 Nxf6 14. Rhe1+ Kd8 15. Rad1 Bxf3 16. gxf3 Nbd7 17. Bxf6+ Nxf6 18. Kc2+ Kc7 19. Re7+ Kb6 20. Rxg7 a5 21. a4 Rae8 22. Rd2 Re5 23. Kd1 Rhe8 24. Rf7 Re1+ 25. Kc2 Nh5 26. Rxh7 R8e5 27. Rhd7 Rc5+ 28. Kb2 Rh1 29. Re2 Rxh2 30. Ree7 Rxf2+ 31. Ka3 Rc1 32. Rxb7+ Kc5 33. Re5+ Kd6 34. Re6+ Kc5 35. Re5+ Kd6 36. Re6+ Kc5 1/2-1/2